【小调查】你去过哪些地级行政区? - Statistics

General Stats
  • This quiz has been taken 156 times
  • The average score is 45 of 391
Answers on the Map
Answers color-coded by a green-red scale on the quiz's map according to % correct below.
 
Answer Stats
行政区 % Correct
上海
80%
北京
78%
杭州
76%
南京
64%
苏州
64%
西安
56%
成都
54%
广州
50%
天津
50%
青岛
49%
深圳
48%
济南
47%
重庆
46%
武汉
45%
厦门
44%
长沙
43%
秦皇岛
42%
无锡
39%
嘉兴
36%
香港特别行政区
36%
哈尔滨
34%
三亚
34%
大连
33%
昆明
32%
郑州
32%
黄山
30%
洛阳
30%
宁波
30%
太原
30%
扬州
29%
桂林
28%
镇江
28%
澳门特别行政区
27%
常州
27%
大理白族自治州
27%
大同
27%
贵阳
27%
绍兴
27%
沈阳
27%
泰安
27%
西宁
27%
佛山
26%
合肥
26%
烟台
26%
珠海
26%
湖州
25%
乐山
25%
丽江
25%
南昌
25%
阿坝藏族羌族自治州
23%
保定
23%
兰州
23%
廊坊
23%
石家庄
23%
威海
23%
长春
23%
福州
22%
晋中
22%
咸阳
22%
承德
21%
九江
21%
泉州
21%
海口
20%
金华
20%
南宁
20%
乌鲁木齐
20%
张掖
20%
济宁
19%
徐州
19%
安顺
18%
呼和浩特
18%
东莞
17%
海南藏族自治州
17%
开封
17%
临汾
17%
黔南布依族苗族自治州
17%
渭南
17%
湘西土家族苗族自治州
17%
忻州
17%
张家界
17%
张家口
17%
舟山
17%
安阳
16%
酒泉
16%
南通
16%
银川
16%
漳州
16%
海北藏族自治州
15%
呼伦贝尔
15%
黔东南苗族侗族自治州
15%
日照
15%
唐山
15%
潍坊
15%
温州
15%
宝鸡
14%
赤峰
14%
德阳
14%
海西蒙古族藏族自治州
14%
景德镇
14%
南平
14%
齐齐哈尔
14%
朔州
14%
湘潭
14%
延边朝鲜族自治州
14%
宜昌
14%
中山
14%
北海
13%
嘉峪关
13%
丽水
13%
宣城
13%
伊犁哈萨克自治州
13%
宜宾
13%
运城
13%
中卫
13%
阿勒泰地区
12%
惠州
12%
锦州
12%
上饶
12%
台北
12%
台州
12%
泰州
12%
岳阳
12%
肇庆
12%
博尔塔拉蒙古自治州
11%
大庆
11%
邯郸
11%
淮安
11%
江门
11%
连云港
11%
眉山
11%
宁德
11%
清远
11%
汕头
11%
芜湖
11%
延安
11%
株洲
11%
淄博
11%
包头
10%
丹东
10%
迪庆藏族自治州
10%
红河哈尼族彝族自治州
10%
葫芦岛
10%
吉林
10%
衢州
10%
万宁
10%
襄阳
10%
新乡
10%
沧州
9%
楚雄彝族自治州
9%
大兴安岭地区
9%
德州
9%
甘南藏族自治州
9%
甘孜藏族自治州
9%
荆州
9%
绵阳
9%
吐鲁番
9%
西双版纳傣族自治州
9%
营口
9%
湛江
9%
自贡
9%
遵义
9%
阿拉善盟
8%
安庆
8%
巴音郭楞蒙古自治州
8%
保山
8%
昌吉回族自治州
8%
潮州
8%
滁州
8%
鄂尔多斯
8%
高雄
8%
广元
8%
海东
8%
汉中
8%
衡水
8%
衡阳
8%
怀化
8%
焦作
8%
克拉玛依
8%
拉萨
8%
临夏回族自治州
8%
临沂
8%
龙岩
8%
马鞍山
8%
南充
8%
琼海
8%
曲靖
8%
韶关
8%
乌兰察布
8%
武威
8%
邢台
8%
盐城
8%
枣庄
8%
鞍山
7%
常德
7%
池州
7%
崇左
7%
黑河
7%
莆田
7%
黔西南布依族苗族自治州
7%
三门峡
7%
十堰
7%
宿迁
7%
绥化
7%
塔城地区
7%
通辽
7%
新北
7%
许昌
7%
雅安
7%
阳江
7%
榆林
7%
昭通
7%
百色
6%
蚌埠
6%
本溪
6%
毕节
6%
东营
6%
防城港
6%
广安
6%
菏泽
6%
花莲县
6%
黄冈
6%
凉山彝族自治州
6%
陵水黎族自治县
6%
六安
6%
六盘水
6%
盘锦
6%
三明
6%
邵阳
6%
宿州
6%
天水
6%
铜川
6%
铜仁
6%
兴安盟
6%
鹰潭
6%
玉溪
6%
长治
6%
阿克苏地区
5%
安康
5%
白山
5%
朝阳
5%
达州
5%
德宏傣族景颇族自治州
5%
恩施土家族苗族自治州
5%
赣州
5%
河池
5%
河源
5%
鹤壁
5%
黄石
5%
鸡西
5%
佳木斯
5%
揭阳
5%
荆门
5%
辽阳
5%
聊城
5%
柳州
5%
陇南
5%
泸州
5%
吕梁
5%
茂名
5%
梅州
5%
牡丹江
5%
南阳
5%
屏东县
5%
萍乡
5%
濮阳
5%
普洱
5%
钦州
5%
山南
5%
商洛
5%
商丘
5%
石嘴山
5%
四平
5%
遂宁
5%
桃园
5%
铁岭
5%
通化
5%
文昌
5%
文山壮族苗族自治州
5%
五指山
5%
锡林郭勒盟
5%
伊春
5%
宜春
5%
益阳
5%
永州
5%
玉林
5%
云浮
5%
资阳
5%
白银
4%
儋州
4%
鄂州
4%
固原
4%
贵港
4%
鹤岗
4%
吉安
4%
金昌
4%
喀什地区
4%
克孜勒苏柯尔克孜自治州
4%
林芝
4%
娄底
4%
内江
4%
潜江
4%
神农架林区
4%
双鸭山
4%
松原
4%
台南
4%
台中
4%
吴忠
4%
梧州
4%
仙桃
4%
咸宁
4%
孝感
4%
信阳
4%
玉树藏族自治州
4%
巴彦淖尔
3%
巴中
3%
保亭黎族苗族自治县
3%
滨州
3%
郴州
3%
东方
3%
抚州
3%
阜新
3%
哈密
3%
淮北
3%
基隆
3%
嘉义
3%
嘉义县
3%
晋城
3%
南投县
3%
攀枝花
3%
平顶山
3%
平凉
3%
琼中黎族苗族自治县
3%
日喀则
3%
汕尾
3%
石河子
3%
随州
3%
台东县
3%
铜陵
3%
白城
2%
北屯
2%
亳州
2%
昌都
2%
澄迈县
2%
定安县
2%
定西
2%
抚顺
2%
果洛藏族自治州
2%
和田地区
2%
贺州
2%
淮南
2%
黄南藏族自治州
2%
济源
2%
来宾
2%
乐东黎族自治县
2%
辽源
2%
苗栗县
2%
那曲
2%
澎湖县
2%
七台河
2%
庆阳
2%
天门
2%
乌海
2%
新余
2%
新竹
2%
新竹县
2%
宜兰县
2%
周口
2%
驻马店
2%
三沙
1%
阿拉尔
1%
阿里地区
1%
白沙黎族自治县
1%
昌江黎族自治县
1%
阜阳
1%
胡杨河
1%
金门县
1%
可克达拉
1%
昆玉
1%
临沧
1%
临高县
1%
漯河
1%
怒江傈僳族自治州
1%
双河
1%
铁门关
1%
图木舒克
1%
屯昌县
1%
五家渠
1%
阳泉
1%
云林县
1%
彰化县
1%
连江(马祖)
0%
No matching quizzes found
Score Distribution
Percent of People with Each Score
Percentile by Number Answered
Your Score History
You have not taken this quiz